Strategic reading 3: building effective reading skills. Student's book

保存先:
書誌詳細
主要な著者: Richards, Jack C (著者), Eckstut-Didier, Samuela (著者)
フォーマット: 図書
言語:英語
出版事項: Cambridge Cambridge University 2003
版:1a. ed
主題:
タグ: タグ追加
タグなし, このレコードへの初めてのタグを付けませんか!

MARC

LEADER 00000nam a2200000 a 4500
001 UCK0465
003 CL-VaPUC
008 041008e20030000UK |||||||||||||||||eng|d
020 |a 0521555787 
082 0 4 |a 428.4071  |b RIC  |2 21 
100 0 |a Richards, Jack C  |e author  |9 488434 
700 0 |a Eckstut-Didier, Samuela  |e author  |9 488435 
245 1 0 |a Strategic reading 3: building effective reading skills. Student's book 
250 |a 1a. ed 
300 |a 131 p 
942 |c BK 
945 |d 20041008 00:00:00  |a cmena 
260 |a Cambridge  |b Cambridge University  |c 2003 
650 0 |a Enseñanza del inglés  |9 367340 
650 0 |a Lengua inglesa  |9 318842 
650 0 |a Libros de texto  |9 270019 
650 0 |a Comprensión de lectura  |9 307588 
650 0 |a Educación lingüística  |9 306506 
583 |a last modification  |c 20130316 10:30:09  |k Rodrigo Vera 
999 |c 310902  |d 310900 
952 |0 0  |1 0  |4 0  |6 428_407100000000000_RIC_2003  |7 0  |8 A  |9 379950  |a BIBEDU  |b BIBEDU  |d 2019-11-21  |i 4059107  |o 428.4071 RIC 2003  |p 4059107  |r 2019-11-21  |w 2019-11-21  |y BK  |k LIT